| Tag |
First Indicator |
Second Indicator |
Subfields |
| LEADER |
00000cam a2200000 a 4500 |
| 001 |
in00001693313 |
| 005 |
20151024132701.0 |
| 008 |
020226s2002 cauabf b 001 0 eng c |
| 010 |
|
|
|a 2001096794
|
| 015 |
|
|
|a GBA2-Y4213
|
| 020 |
|
|
|a 0120734613
|
| 029 |
0 |
|
|a UKM
|b bA2Y4213
|
| 035 |
|
|
|a (OCoLC)ocm49238333
|
| 040 |
|
|
|a UKM
|c UKM
|d MNM
|d TXA
|d UtOrBLW
|
| 042 |
|
|
|a pcc
|
| 049 |
|
|
|a TXAM
|
| 050 |
|
4 |
|a TD193
|b .C486 2002
|
| 082 |
0 |
4 |
|a 577.14
|2 21
|
| 245 |
0 |
0 |
|a Chemistry of the environment /
|c Ronald A. Bailey [and others].
|
| 250 |
|
|
|a 2nd ed.
|
| 264 |
|
1 |
|a San Diego, Calif. ;
|a London :
|b Academic,
|c [2002]
|
| 264 |
|
4 |
|c ©2002
|
| 300 |
|
|
|a xxiv, 835 pages, 4 unnumbered pages of plates :
|b illustrations (some color), maps ;
|c 25 cm.
|
| 336 |
|
|
|a text
|b txt
|2 rdacontent
|
| 337 |
|
|
|a unmediated
|b n
|2 rdamedia
|
| 338 |
|
|
|a volume
|b nc
|2 rdacarrier
|
| 504 |
|
|
|a Includes bibliographical references and index.
|
| 650 |
|
0 |
|a Environmental chemistry.
|
| 700 |
1 |
|
|a Bailey, R. A.
|q (Ronald Albert),
|d 1933-
|
| 948 |
|
|
|a cataloged
|b h
|c 2002/5/29
|d c
|e jspillan
|f 8:38:26 am
|
| 994 |
|
|
|a E0
|b TXA
|
| 999 |
|
|
|a MARS
|
| 999 |
f |
f |
|s a7015b1f-93b1-3ebc-81b0-225a1f2e316c
|i 441f61f6-4510-36cd-be30-581c2b1cafe0
|t 0
|
| 952 |
f |
f |
|p normal
|a Texas A&M University
|b College Station
|c Sterling C. Evans Library
|d Evans: Library Stacks
|t 0
|e TD193 .C486 2002
|h Library of Congress classification
|i unmediated -- volume
|m A14828848403
|
| 998 |
f |
f |
|a TD193 .C486 2002
|t 0
|l Evans: Library Stacks
|